[Event "ROM-ch U12 Girls"]
[Site "Calimanesti"]
[Date "2018.03.29"]
[Round "4"]
[White "Stefan, Florina Clara"]
[Black "Nicoara, Iris Maria"]
[Result "0-1"]
[WhiteElo "1001"]
[BlackElo "1099"]
[PlyCount "56"]
[EventDate "2018.03.27"]
[EventType "swiss"]
[EventRounds "9"]
[EventCountry "ROU"]
[SourceTitle "CBM 183 Extra"]
[Source "ChessBase"]
[SourceDate "2018.04.19"]
[SourceVersion "1"]
[SourceVersionDate "2018.04.19"]
[SourceQuality "1"]

1. e4 e5 2. Nf3 Nc6 3. Nc3 Bc5 4. d3 h6 5. Be2 Nf6 6. Be3 Bb4 7. 0-0 0-0 8. d4 exd4 9. Bxd4 Bxc3 10. bxc3 Nxe4 11. Bd3 Nf6 12. c4 d6 13. c3 Bg4 14. Bc2 Re8 15. Qd2 Bxf3 16. gxf3 Nxd4 17. cxd4 Qd7 18. Bd3 Qh3 19. Rfe1 Rxe1+ 20. Qxe1 Qxf3 21. Be2 Qh3 22. c5 dxc5 23. dxc5 Re8 24. Bg4 Qxg4+ 25. Kh1 Rxe1+ 26. Rxe1 Qh3 27. Rg1 Ng4 28. Rg3 Qxh2# 0-1

[Event "ROM-ch U10 Girls"]
[Site "Baile Felix"]
[Date "2017.02.05"]
[Round "4"]
[White "Toculet, Erika Andreea"]
[Black "Nicoara, Iris Maria"]
[Result "0-1"]
[WhiteElo "1024"]
[BlackElo "1187"]
[PlyCount "118"]
[EventDate "2017.02.02"]
[EventType "swiss"]
[EventRounds "9"]
[EventCountry "ROU"]
[SourceTitle "CBM 176 Extra"]
[Source "ChessBase"]
[SourceDate "2017.03.02"]
[SourceVersion "1"]
[SourceVersionDate "2017.03.02"]
[SourceQuality "1"]

1. e4 e5 2. d4 d6 3. Nf3 Nc6 4. Bb5 f6 5. Be3 Bd7 6. d5 Nb8 7. Bxd7+ Nxd7 8. 0-0 Be7 9. Nc3 Qc8 10. Qd2 c5 11. Rad1 Bd8 12. Nb5 Bc7 13. Nxc7+ Qxc7 14. Nh4 a6 15. Nf5 Nb6 16. Qd3 g6 17. Ng3 Ne7 18. Rfe1 Rf8 19. Bh6 Rf7 20. b3 g5 21. a4 Ng8 22. Nf5 Nc8 23. Qh3 Nce7 24. Nxe7 Rxe7 25. Qh5+ Kd8 26. Re3 Qd7 27. Rg3 Qe8 28. Qh3 Qg6 29. Rg4 Nxh6 30. Rg3 Nf7 31. Rgd3 Qxe4 32. Re3 Qxc2 33. Rf1 Qd2 34. Rd3 Qb4 35. Qxh7 Kd7 36. Qh3+ Kc7 37. Qf5 c4 38. Rc1 Kb8 39. Rdc3 Rc7 40. Qxf6 Ka7 41. Qf3 Rac8 42. Qe3+ Ka8 43. h3 Qc5 44. Qxc5 Rxc5 45. b4 Rxd5 46. Rxc4 Rxc4 47. Rxc4 b5 48. axb5 axb5 49. Rc8+ Kb7 50. Re8 Nh6 51. Re7+ Kb6 52. Rh7 Nf5 53. Rh5 Ne7 54. Rxg5 Nc6 55. Rg4 Rd4 56. Rxd4 exd4 57. f4 d3 58. Kf1 Nxb4 59. f5 Nd5 0-1

[Event "ROM-ch U10 Girls"]
[Site "Calimanesti Caciulata"]
[Date "2016.04.20"]
[Round "3"]
[White "Nicoara, Iris Maria"]
[Black "Fileru, Maria"]
[Result "0-1"]
[WhiteElo "1143"]
[BlackElo "1298"]
[PlyCount "126"]
[EventDate "2016.04.18"]
[EventType "swiss"]
[EventRounds "9"]
[EventCountry "ROU"]
[SourceTitle "CBM 172 Extra"]
[Source "ChessBase"]
[SourceDate "2016.06.21"]
[SourceVersion "1"]
[SourceVersionDate "2016.06.21"]
[SourceQuality "1"]

1. e4 e5 2. d4 exd4 3. Qxd4 Nc6 4. Qe3 d6 5. Bd2 Be7 6. Nc3 Nf6 7. 0-0-0 Be6 8. Bb5 a6 9. Bd3 0-0 10. Qg3 Kh8 11. Nce2 Bxa2 12. b3 d5 13. Kb2 Bxb3 14. cxb3 dxe4 15. Bc2 Qd6 16. Qxd6 cxd6 17. Bg5 Rfd8 18. Bxf6 Bxf6+ 19. Ka3 d5 20. Nf4 Nd4 21. Bb1 b5 22. h4 a5 23. g4 Be5 24. Nge2 a4 25. b4 Rac8 26. Nxd4 Bxf4 27. Nxb5 Ra8 28. Bc2 e3 29. fxe3 Bxe3 30. Bxa4 d4 31. Rde1 g6 32. Rhf1 Kg7 33. h5 g5 34. Rf5 h6 35. Nc7 Ra7 36. Nd5 Rda8 37. Nxe3 Rxa4+ 38. Kb3 dxe3 39. Rxe3 Ra3+ 40. Kc4 Rxe3 41. b5 Re6 42. Rc5 Rb8 43. Rc6 Re4+ 44. Kc5 Re5+ 45. Kb4 Rbxb5+ 46. Kc4 Ra5 47. Kd4 Reb5 48. Kc4 Rb8 49. Kd4 Ra4+ 50. Ke5 f6+ 51. Kd6 Rxg4 52. Ke6 Re4+ 53. Kd6 Rbe8 54. Kc7 g4 55. Kb6 g3 56. Kb5 g2 57. Rc1 Re1 58. Rxe1 Rxe1 59. Kb6 g1Q+ 60. Kc6 Qd4 61. Kc7 Rc1+ 62. Kb7 Qb4+ 63. Ka7 Ra1# 0-1

[Event "ROM-ch U08 Girls"]
[Site "Calimanesti"]
[Date "2015.04.02"]
[Round "4"]
[White "Maria, Lia Alexandra"]
[Black "Nicoara, Iris Maria"]
[Result "1-0"]
[WhiteElo "1198"]
[BlackElo "1035"]
[PlyCount "78"]
[EventDate "2015.03.30"]
[EventType "swiss"]
[EventRounds "9"]
[EventCountry "ROU"]
[SourceTitle "CBM 165 Extra"]
[Source "ChessBase"]
[SourceDate "2015.04.21"]
[SourceVersion "1"]
[SourceVersionDate "2015.04.21"]
[SourceQuality "1"]

1. e4 e5 2. Nf3 Nc6 3. Bc4 Nf6 4. d3 h6 5. 0-0 Bc5 6. Bd2 d6 7. a3 Bg4 8. h3 Bh5 9. Nc3 0-0 10. Rb1 Re8 11. b4 Bb6 12. a4 Nd4 13. a5 Nxf3+ 14. gxf3 Bd4 15. Ne2 Bxf3 16. Qe1 Qd7 17. Kh2 d5 18. exd5 Nxd5 19. Rg1 g5 20. Qf1 Qd6 21. Rg3 Bh5 22. Qg2 Nf4 23. Nxf4 exf4 24. Rf3 Bxf3 25. Qxf3 Kg7 26. Kh1 c6 27. Rg1 b5 28. Bxf4 Be5 29. Bxe5+ Rxe5 30. Qxf7+ Kh8 31. Bb3 Rf8 32. Qxa7 Rxf2 33. Qxf2 Qg6 34. a6 Rf5 35. Qg2 Rf4 36. a7 Rf8 37. Rf1 Rxf1+ 38. Qxf1 g4 39. Qf8+ Kh7 1-0

[Event "ROM-ch U08 Girls"]
[Site "Calimanesti"]
[Date "2015.03.31"]
[Round "2"]
[White "Salajan, Stefania"]
[Black "Nicoara, Iris Maria"]
[Result "0-1"]
[WhiteElo "1268"]
[BlackElo "1035"]
[PlyCount "130"]
[EventDate "2015.03.30"]
[EventType "swiss"]
[EventRounds "9"]
[EventCountry "ROU"]
[SourceTitle "CBM 165 Extra"]
[Source "ChessBase"]
[SourceDate "2015.04.21"]
[SourceVersion "1"]
[SourceVersionDate "2015.04.21"]
[SourceQuality "1"]

1. d4 d5 2. f4 Nc6 3. c3 Bf5 4. e3 e6 5. Nf3 f6 6. Nbd2 Bd6 7. c4 Nge7 8. cxd5 exd5 9. Qb3 Bb4 10. a3 Bd6 11. Qxb7 Rb8 12. Qa6 Rb6 13. Qa4 0-0 14. Be2 Bd7 15. Qc2 Bf5 16. e4 dxe4 17. Nxe4 Qe8 18. Qc4+ Kh8 19. Bd3 Qh5 20. 0-0 Qg6 21. Be3 Bh3 22. Rf2 f5 23. Neg5 Bg4 24. b4 Nd8 25. Nh4 Qf6 26. d5 Qxa1+ 27. Rf1 Qxa3 28. Bxb6 axb6 29. Qd4 Bxb4 30. Ne6 Nxe6 31. dxe6 Bc5 32. Qxc5 Qxc5+ 33. Rf2 Qe3 34. Bc4 Rd8 35. h3 Rd4 36. Bb5 Rb4 37. Bd7 Nc8 38. Bxc8 Rb1+ 39. Kh2 Qxf2 40. e7 Re1 41. Bb7 Qg1+ 42. Kg3 Re3+ 43. Nf3 Bxf3 44. Bxf3 Qe1+ 45. Kh2 Rxe7 46. Bh5 Rd7 47. Bf3 Rd1 48. Bxd1 Qxd1 49. g4 Qf3 50. gxf5 Qxf4+ 51. Kh1 Qxf5 52. h4 Qh3+ 53. Kg1 b5 54. Kf2 b4 55. Ke2 b3 56. Kd2 b2 57. Kc2 Qh2+ 58. Kd3 b1Q+ 59. Ke3 Qhc2 60. Kd4 Qbd1+ 61. Ke5 Qce2+ 62. Kf5 Qdf1+ 63. Kg5 Qeg2+ 64. Kh5 g6+ 65. Kh6 Qf8# 0-1